Catàleg del Col·legi de Periodistes de Catalunya

Memoria curso 1979-80 (Registre núm. 2847)

000 -CABECERA
Longitud fija campo de control 00469nam a2200157 a 4500
001 - NÚMERO DE CONTROL
Número de control 2847
003 - IDENTIFICADOR DEL NÚMERO DE CONTROL
Identificador del número de control CDMR
005 - FECHA Y HORA DE LA ÚLTIMA TRANSACCIÓN
Fecha y hora de la última transacción 20151016124802.0
008 - CÓDIGOS DE INFORMACIÓN DE LONGITUD FIJA
Códigos de información de longitud fija 130130s ||||||||||||||||||||||||||||d
040 ## - FUENTE DE LA CATALOGACIÓN
Centro catalogador de origen CDMR
Lengua de catalogación cat
Centro transcriptor CDMR
110 2# - PUNTO DE ACCESO PRINCIPAL-NOMBRE DE ENTIDAD CORPORATIVA
9 (RLIN) 2097
Nombre de entidad corporativa o nombre de jurisdicción como elemento inicial Instituto Oficial de Radio y Televisión (Espanya)
245 10 - MENCIÓN DE TÍTULO
Título Memoria curso 1979-80
260 ## - PUBLICACIÓN, DISTRIBUCIÓN, ETC. (PIE DE IMPRENTA)
Lugar de publicación, distribución, etc. Barcelona
Nombre del editor, distribuidor, etc. Instituto Oficial de Radio y Televisión. Centro Autónomo de Barcelona
Fecha de publicación, distribución, etc. [1980]
300 ## - DESCRIPCIÓN FÍSICA
Extensión 42 p.
942 ## - ENTRADA DE ELEMENTOS AGREGADOS (KOHA)
Koha [por defecto] tipo de item Fullets
Fuente de clasificaión o esquema
Fons
Suprimido Perdido Estropeado No para préstamo Localización permanente Localización actual Fecha adquisición Préstamos totales Signatura completa Código de barras Fecha última consulta Fecha del precio de reemplazo Tipo de item de Koha
        Centre de Documentació Montserrat Roig Centre de Documentació Montserrat Roig 2013-01-16   EF 11/1 CDMR13107865J 2013-01-16 2013-01-16 Monografies

Implantat amb Koha